<?xml version="1.0" encoding="UTF-8"?>
<record
    xmlns:xsi="http://www.w3.org/2001/XMLSchema-instance"
    xsi:schemaLocation="http://www.loc.gov/MARC21/slim http://www.loc.gov/standards/marcxml/schema/MARC21slim.xsd"
    xmlns="http://www.loc.gov/MARC21/slim">

  <leader>01135nam a2200229 a 4500</leader>
  <controlfield tag="001">54332</controlfield>
  <controlfield tag="003">BD-RjUL</controlfield>
  <controlfield tag="005">20211209080114.0</controlfield>
  <controlfield tag="008">161106s1993    bg ||||| |||| 00| 0 ben d</controlfield>
  <datafield tag="020" ind1=" " ind2=" ">
    <subfield code="c">: TK 125.00 </subfield>
  </datafield>
  <datafield tag="035" ind1=" " ind2=" ">
    <subfield code="a">(BD-RjUL)54454</subfield>
  </datafield>
  <datafield tag="040" ind1=" " ind2=" ">
    <subfield code="a">BD-RjUL</subfield>
    <subfield code="b">ben</subfield>
    <subfield code="c">BD-RjUL</subfield>
  </datafield>
  <datafield tag="041" ind1=" " ind2=" ">
    <subfield code="a">ben</subfield>
  </datafield>
  <datafield tag="082" ind1=" " ind2=" ">
    <subfield code="2">23 </subfield>
    <subfield code="a">615.532 </subfield>
    <subfield code="b">RAP 1993 </subfield>
  </datafield>
  <datafield tag="100" ind1=" " ind2=" ">
    <subfield code="a">&#x9B0;&#x9B6;&#x9BF;&#x9A6;, &#x996;&#x9A8;&#x9CD;&#x9A6;&#x995;&#x9BE;&#x9B0; &#x986;&#x9AC;&#x9CD;&#x9A6;&#x9C1;&#x9B0; </subfield>
    <subfield code="9">162160</subfield>
  </datafield>
  <datafield tag="245" ind1="1" ind2="0">
    <subfield code="a">&#x9AA;&#x9CD;&#x9B0;&#x9CD;&#x9AF;&#x9BE;&#x995;&#x99F;&#x9CD;&#x9B0;&#x9BF;&#x995;&#x9CD;&#x9AF;&#x9BE;&#x9B2; &#x9AA;&#x9CD;&#x9B0;&#x9CD;&#x9AF;&#x9BE;&#x995;&#x99F;&#x9BF;&#x9B8; &#x985;&#x9AC; &#x9B9;&#x9CB;&#x9AE;&#x9BF;&#x993; &#x986;&#x987; &#x99F;&#x9CD;&#x9B0;&#x9BF;&#x99F;&#x9AE;&#x9C7;&#x9A8;&#x9CD;&#x99F; :</subfield>
    <subfield code="b">&#x989;&#x9AA;&#x9AE;&#x9B9;&#x9BE;&#x9A6;&#x9C7;&#x9B6;&#x9C7;&#x9B0; &#x98F;&#x995;&#x995; &#x9AC;&#x9C3;&#x9B9;&#x9A4;&#x9CD;&#x9A4;&#x9B0; &#x98F;&#x9A8;&#x9BE;&#x99F;&#x9AE;&#x9BF; &#x9AB;&#x9BF;&#x99C;&#x9BF;&#x993;&#x9B2;&#x9CB;&#x99C;&#x9BF;&#x9B0; &#x986;&#x9B2;&#x9CB;&#x995;&#x9C7; &#x9B9;&#x9CB;&#x9AE;&#x9BF;&#x993;&#x9AA;&#x9CD;&#x9AF;&#x9BE;&#x9A5;&#x9BF;&#x995; &#x99A;&#x995;&#x9CD;&#x9B7;&#x9C1; &#x99A;&#x9BF;&#x995;&#x9BF;&#x9CE;&#x9B8;&#x9BE;&#x9B0; &#x9AC;&#x987; / </subfield>
    <subfield code="c">&#x996;&#x9A8;&#x9CD;&#x9A6;&#x995;&#x9BE;&#x9B0; &#x986;&#x9AC;&#x9CD;&#x9A6;&#x9C1;&#x9B0; &#x9B0;&#x9B6;&#x9BF;&#x9A6; </subfield>
  </datafield>
  <datafield tag="260" ind1=" " ind2=" ">
    <subfield code="a">&#x9A2;&#x9BE;&#x995;&#x9BE; :</subfield>
    <subfield code="b">&#x9A4;&#x9BE;&#x9B9;&#x9AE;&#x9BF;&#x9A6;&#x9BE; &#x996;&#x9A8;&#x9CD;&#x9A6;&#x995;&#x9BE;&#x9B0;, </subfield>
    <subfield code="c">&#x9E7;&#x9EF;&#x9EF;&#x9E9; </subfield>
  </datafield>
  <datafield tag="300" ind1=" " ind2=" ">
    <subfield code="a">&#x9E7;&#x9ED;&#x9E7; &#x9AA;&#x9C3;. :</subfield>
    <subfield code="b">&#x99A;&#x9BF;&#x9A4;&#x9CD;&#x9B0; ;</subfield>
    <subfield code="c">&#x9E8;&#x9E7; &#x9B8;&#x9C7;&#x9AE;&#x9BF;.</subfield>
  </datafield>
  <datafield tag="650" ind1=" " ind2=" ">
    <subfield code="a">&#x9B9;&#x9CB;&#x9AE;&#x9BF;&#x993;&#x9AA;&#x9CD;&#x9AF;&#x9BE;&#x9A5;&#x9BF; </subfield>
    <subfield code="9">162161</subfield>
  </datafield>
  <datafield tag="650" ind1=" " ind2=" ">
    <subfield code="a">Homopathy </subfield>
    <subfield code="9">162162</subfield>
  </datafield>
  <datafield tag="942" ind1=" " ind2=" ">
    <subfield code="2">ddc</subfield>
    <subfield code="c">BK</subfield>
  </datafield>
  <datafield tag="999" ind1=" " ind2=" ">
    <subfield code="c">54332</subfield>
    <subfield code="d">54332</subfield>
  </datafield>
  <datafield tag="952" ind1=" " ind2=" ">
    <subfield code="0">0</subfield>
    <subfield code="1">0</subfield>
    <subfield code="2">ddc</subfield>
    <subfield code="4">0</subfield>
    <subfield code="7">0</subfield>
    <subfield code="8">NFIC</subfield>
    <subfield code="a">RUCL</subfield>
    <subfield code="b">RUCL</subfield>
    <subfield code="c">Stack</subfield>
    <subfield code="d">2009-11-04</subfield>
    <subfield code="e">RUCL</subfield>
    <subfield code="g">125.00</subfield>
    <subfield code="l">0</subfield>
    <subfield code="o">B 615.532  RAP 1993</subfield>
    <subfield code="r">2016-11-06 00:00:00</subfield>
    <subfield code="t">C-2</subfield>
    <subfield code="w">2016-11-06</subfield>
    <subfield code="y">BK</subfield>
  </datafield>
</record>
